00542nam a22001812 4500001001100000005001700011008004100028020001700069040001500086100002900101245007600130250001300206260003100219300002000250650004500270650004200315852000300357000002456520151217152304.0140108s xx 000 0 eng d a0199604005 : aKABUcKABU1 aDoe, Norman.@000018486110aLaw and religion in Europe :ba comparative introduction /cNorman Doe. a1st ed. aOxford :bO. U. P.,c2011. axxviii, 306 p. 0aFreedom of religionzEurope.@0000184862 0aChurch and statezEurope.@00001848631